| 000 | 00613nam a22001697a 4500 | ||
|---|---|---|---|
| 020 | _qHard Cover. | ||
| 082 | _a621.3 | ||
| 100 | _aRafay Hayat Ali ; Muhammad Bilal | ||
| 245 |
_aAnalysis of Synchronization Algorithms for 5G NR / _cHayat Ali, Rafay ; Muhammad Bilal |
||
| 260 |
_aIslamabad : _bSEECS - NUST, _c2019. |
||
| 300 |
_a61 p. : ill. ; _c30cm. |
||
| 650 | _aElectrical (Electronics) Engineering-Project Report. | ||
| 700 |
_aDr. Fahd Ahmed Khan. _926879 |
||
| 856 | _uhttp://10.250.8.41:8080/xmlui/handle/123456789/29591 | ||
| 942 |
_2ddc _cPR |
||
| 999 |
_c535937 _d535937 |
||